[Event "Graz Casino op-B"]
[Site "Graz"]
[Date "2014.02.16"]
[Round "3"]
[White "Kerschenbauer, Franz"]
[Black "Voglmayr, Siegfried"]
[Result "1-0"]
[WhiteElo "1868"]
[BlackElo "1839"]
[PlyCount "69"]
[EventDate "2014.02.14"]
[EventType "swiss"]
[EventRounds "9"]
[EventCountry "AUT"]
[SourceTitle "CBM 158 Extra"]
[Source "ChessBase"]
[SourceDate "2014.02.28"]
[SourceVersion "1"]
[SourceVersionDate "2014.02.28"]
[SourceQuality "1"]

1. d4 d5 2. c4 c6 3. Nc3 Nf6 4. cxd5 Nxd5 5. e4 Nxc3 6. bxc3 c5 7. d5 a6 8. Bf4 g6 9. Be5 f6 10. Bg3 Bg7 11. f4 0-0 12. Be2 b5 13. Nf3 Bb7 14. c4 b4 15. 0-0 Nd7 16. h4 a5 17. h5 g5 18. fxg5 fxg5 19. Nxg5 Rxf1+ 20. Qxf1 Qf8 21. Ne6 Qxf1+ 22. Rxf1 a4 23. Nxg7 Kxg7 24. e5 Rf8 25. Rxf8 Kxf8 26. e6 Nf6 27. Be5 Ne4 28. Bd3 Nd6 29. Bxd6 exd6 30. Kf2 h6 31. g4 Ba6 32. Ke3 Kg7 33. g5 b3 34. axb3 a3 35. gxh6+ 1-0